000 00403nam a2200181Ia 4500
001 13861
005 20260306164832.0
008 260306t2015||||xx |||||||||||||| ||spa||
041 _aESP
082 _a005.4
_bK23
100 _aKarau, Holden
_eAUT
245 0 _aLearning spark
260 _c2015
300 _a256 páginas
_c23 cm.
650 _aGEN
654 _aCCC
942 _cLIB
_dJUS
_fJUS
_2ddc
_n
999 _c13861
_d13861